| 000 | 00646nam a22002177a 4500 | ||
|---|---|---|---|
| 001 | 55080 | ||
| 003 | BD-RjUL | ||
| 005 | 20211209080219.0 | ||
| 008 | 161114r19931985nyu||||| |||| 00| 0 eng d | ||
| 035 | _a(BD-RjUL) 55202 | ||
| 040 |
_aBD-RjUL _beng _cBD-RjUL |
||
| 041 | _aeng | ||
| 082 |
_223 _a822.33 _bSHM 1993 |
||
| 100 |
_aShakespeare, William _9164200 |
||
| 245 |
_aMacmillan master Guides Macbeth / _cWilliam Shakespeare, |
||
| 260 |
_aLondon : _bMacmillan, _c1985 [Reprinted 1993] |
||
| 300 |
_a83 p. ; _c20 cm. |
||
| 600 |
_aShakespeare, William, - _c1564-1616. _dMacbeth. _9164204 |
||
| 700 |
_aElloway, David _9164202 |
||
| 942 |
_2ddc _cBK |
||
| 999 |
_c55080 _d55080 |
||